000 00426nam a22001817a 4500
003 OSt
008 250204b |||||||| |||| 00| 0 eng d
020 _a9789325982406
082 _a658.8 ARM
100 _aArun kumar
245 _aMarketing Management
250 _a3rd
260 _aNoida
_bVikas Pub.
300 _axxii,668
650 _aCommunity pharmacy and Management
700 _aMeenakshi, N
942 _2ddc
_cBK
999 _c13066
_d13066